00399pab a2200145 454500008004000000100002000040245008300060260000900143300001300152362000800165650002500173650001900198650001000217773002600227180718b1999 xxu||||| |||| 00| 0 eng d aTambunan, Tulus aIndonesia's macroeconomic and trade performance and its global competitiveness c1999 ap.102-19 aApr aIndonesia - Commerce aMacroeconomics aTrade aAsian Economic Review